000 00394nam a22001457a 4500
005 20200613152611.0
008 200613b xxu||||| |||| 00| 0 eng d
082 _a345.4 AIR
110 _aALL INDIA REPORTER
_96096
245 _aALL INDIA REPORTER, [1984] [ VOL-71] SUPREME COURT SECTION
260 _aMUMBAI
_bALL INDIA REPORTER
300 _a1120;p
650 _aLAW
_95701
942 _cJRL
999 _c7154
_d7152